00637 2200193 4500001002100000005001500021035002000036007000300056008004100059082001000100084001600110100001900126245011600145260002000261300004100281520008900322600001600411990001600427INLIS00000000000057720210927104229 a0010-0921000049ta210927 b 1 ind  a398.2 a398.2 RAF d0 aRaffel diputra1 aDongeng pengantar tidur :bDongeng putri Cinderella dan pinokio boneka kayu berhidung panjang /cRaffel diputra bBrian Publisher a128 Halaman :bIlustrasi ;c24x16 cm adi jaman sekarang ini mendongeng cerita-cerita sejarah serta cerita rakyat nusantara 4aCerita Anak a00000001653